000 00417nam a22001697a 4500
005 20260413154414.0
008 260413b |||||||| |||| 00| 0 eng d
020 _a9789697834297
040 _cPK-LaNCA
082 _a809.1
_bANJ
100 _aAnjum Altaf
245 _aThinking with Ghalib: poetry for a new generation
260 _aFolio Books
_bLahore
_c2024
300 _a108p
650 _aPoets
942 _cBK
999 _c67211
_d67211